| 000 | 00499nam a2200217Ia 4500 | ||
|---|---|---|---|
| 003 | 0100 | ||
| 008 | 130307s9999 xx 000 0 und d | ||
| 040 | _cARRUPELIB | ||
| 050 | _aHD75.B28 2000 | ||
| 100 | _aBartoli, Henri | ||
| 245 | _aRethinking development | ||
| 245 | _bputting an end to poverty | ||
| 260 | _aParis | ||
| 260 | _bUNESCO | ||
| 260 | _c2000 | ||
| 300 | _avi | ||
| 300 | _b183p. 23 cm. | ||
| 650 | _aECONOMICS | ||
| 650 | _bmedical ethics, moral theology | ||
| 942 | 0 | 0 | _01 |
| 999 |
_c97889 _d97889 |
||